CALCULATIONS IN UNIVERSITY PHYSICS/ (Record no. 204)
[ view plain ]
| 000 -LEADER | |
|---|---|
| fixed length control field | 00503nam a22001577a 4500 |
| 008 - FIXED-LENGTH DATA ELEMENTS--GENERAL INFORMATION | |
| fixed length control field | 260327b |||||||| |||| 00| 0 eng d |
| 010 ## - LIBRARY OF CONGRESS CONTROL NUMBER | |
| LC control number | QC21 .I34 2017Ike,Emeka .E |
| 020 ## - INTERNATIONAL STANDARD BOOK NUMBER | |
| International Standard Book Number | 9783289526 |
| 100 ## - MAIN ENTRY--PERSONAL NAME | |
| Personal name | IKE,EMEKA.E |
| Date of a work | 2017. |
| 245 ## - TITLE STATEMENT | |
| Title | CALCULATIONS IN UNIVERSITY PHYSICS/ |
| Statement of responsibility, etc. | EMEKA E.IKE. |
| 250 ## - EDITION STATEMENT | |
| Edition statement | 1st.ed |
| Remainder of edition statement | Revised 2017. |
| 260 ## - PUBLICATION, DISTRIBUTION, ETC. | |
| Place of publication, distribution, etc. | Rukuba road, Jos. |
| Name of publisher, distributor, etc. | Enic Educational Consultants |
| Date of publication, distribution, etc. | 2017 |
| 300 ## - PHYSICAL DESCRIPTION | |
| Extent | xi; 419. |
| Other physical details | including graphical tables and illus |
| Dimensions | 21cm. |
| 942 ## - ADDED ENTRY ELEMENTS (KOHA) | |
| Source of classification or shelving scheme | Library of Congress Classification |
No items available.
